000 00689nam a22001697a 4500
999 _c10222
_d10222
008 180807b ||||| |||| 00| 0 eng d
082 _22018
_aUT 1007
_bV68
100 _930181
_aVigonte, Jaynnie Allyza P.
245 _aThe entrepreneural tongues of maranao vendors :
_ba closer look to their persuasive discourse /
_cJaynnie Allyza P. Vigonte, Faithy Mae T. Labita, Jochris C. Lincopines
260 _aDigos City :
_bUMDC
_cApril 2018
300 _a50 pages ;
_b29 cm.
650 0 _930182
_aEducation.
_vEnglish
_xUndergraduate thesis.
700 _930183
_aVigonte, Jaynnie Allyza P
700 _930184
_aLabita, Faithy Mae T.
700 _930186
_aLincopines, Jochris C.
942 _2ddc
_cUT